Words By Double Hints - Statistics

General Stats
  • This quiz has been taken 7 times
  • The average score is 10 of 24
Answer Stats
Double Hint Answer % Correct
MILK or DARK Chocolate
83%
ROOT or CUBE Square
83%
HENGE or AGE Stone
83%
CENTER or LASH Eye
67%
SNOW or CHESS Board
50%
HAIR or TOOTH Brush
50%
BOOK or POKER Face
50%
BUSTERS or SCARY Ghost
50%
ANIMAL or NECK Giraffe
50%
INFORMATION or RECENT News
50%
RHINO or NUZZLE Nose
50%
OCEAN or FOOD Sea
50%
BEACH or BAD Boys
33%
SAND or KINGDOM Castle
33%
ROSE or SUN Flower
33%
COUNTRY or STATE Georgia
33%
HORSE or TAIL Pony
33%
NUMBER or CHARACTER Eleven
17%
OIL or FRENCH Fry
17%
MOVIE or NEUTER It
17%
BIRD or LAUGHING Mocking
17%
SHOW or GAME Play
17%
SAUCE or FLOWER Rose
17%
TIME or MUSIC Tempo
17%
No matching quizzes found
Score Distribution
Percent of People with Each Score
Percentile by Number Answered
Your Score History
You have not taken this quiz